| 000 | 01363cam a2200241 4500 | ||
|---|---|---|---|
| 001 | ABS68495 | ||
| 008 | 041203n2004 000 0 eng u | ||
| 035 | _a(Sirsi) u128194 | ||
| 100 | _aLo, T. | ||
| 245 | _aBuilding defects diagnosis by infrared thermography | ||
| 260 | _c2004 | ||
| 490 |
_aStructural Survey _v22(5) 2004, 259-263(5) |
||
| 520 | _aThe application of infrared thermography has provided a reliable and accurate assessment method for the inspection of buildings and structures. The principle of the infrared thermography technique is the detection of energy by an infrared scanner and mapping the temperature contours over the surface of a target object to provide an appropriate measure of the damaged building or structure. Paper reviews the background of infrared thermography and the factors influencing the infrared imaging. The applicability of infrared thermography in two particular situations is considered, the delamination of external wall finishes and a roofing system condition survey. Tables and references. (Taken from journal abstract). | ||
| 590 | _aABS | ||
| 590 | _aABS | ||
| 650 | _aINFRA-RED THERMOGRAPHY | ||
| 650 | _aBUILDING INSPECTIONS | ||
| 650 | _aBUILDING DEFECTS | ||
| 650 | _aNON-DESTRUCTIVE TESTING | ||
| 690 | _aBUILDING AND CONSTRUCTION-DEFECTS AND FAILURES | ||
| 700 | _aChoi, K. | ||
| 942 | _n0 | ||
| 999 |
_c118404 _d118404 |
||